000 00327nam a2200145Ia 4500
008 221030s9999 xx 000 0 und d
041 _aEnglish
082 _a105.23
100 _aSushant Gulati/228
245 0 _aFILE SPLITTER
260 _aJammu
_c2001
650 _aComputers
700 _aSwapan Shridhar/219
942 _cTH
999 _c3006
_d3006